000 00302 a2200145 4500
001 64149
040 _cAnchieta - Pituba
100 _aMartins, Luiz RĂ¡tis
240 1 0 _aFilho do sol
_lpor
245 1 0 _aFilho do sol
300 _a216
362 0 _a2008
650 4 _aLiteratura juvenil
942 _cBK
999 _c64149
_d64149